Promoting rule of law in China : roundtable before the Congressional-Executive Commission on China, One Hundred Seventh Congress, second session, May 24, 2002.

Bibliographic Details
Corporate Author: United States. Congressional-Executive Commission on China
Format: Government Document Book
Language:English
Published: Washington : U.S. G.P.O. : 2002.
Subjects:
Online Access:Text version:
Adobe Acrobat Reader required

MARC

Tag First Indicator Second Indicator Subfields
LEADER 00000cam a2200000 a 4500
001 in00001708321
005 20220106093414.0
008 020812s2002 dcu f000 0 eng c
020 |a 0160686555 
035 |a (OCoLC)ocm50489515 
040 |a GPO  |c GPO  |d MvI  |d UtOrBLW 
042 |a pcc 
043 |a a-ch--- 
049 |a UDOC  |a WWW 
074 |a 1009-C-14 
074 |a 1009-C-14 (online) 
074 |a 1009-C-15 (MF) 
074 |a 1009-C-15 (online) 
086 0 |a Y 4.C 44:P 94 
110 1 |a United States.  |b Congressional-Executive Commission on China. 
245 1 0 |a Promoting rule of law in China :  |b roundtable before the Congressional-Executive Commission on China, One Hundred Seventh Congress, second session, May 24, 2002. 
264 1 |a Washington :  |b U.S. G.P.O. :  |c 2002. 
264 2 |a Washington :  |b For sale by the U.S. G.P.O., Supt. of Docs., [Congressional Sales Office], 
300 |a iii, 50 pages ;  |c 23 cm. 
336 |a text  |b txt  |2 rdacontent 
337 |a unmediated  |b n  |2 rdamedia 
338 |a volume  |b nc  |2 rdacarrier 
500 |a Distributed to some depository libraries in microfiche. 
500 |a Shipping list number: 2002-0257-P. 
500 |a Shipping List Date: 08/13/2002 
530 |a Also available via Internet from the GPO Access web site. Addresses as of 8/27/02: http://frwebgate.access.gpo.gov/cgi-bin/getdoc.cgi?dbname=107h̲ouseh̲earings&docid=f:80531.wais (text version), http://frwebgate.access.gpo.gov/cgi-bin/getdoc.cgi?dbname=107h̲ouseh̲earings&docid=f:80531.pdf (PDF version); current access is available via PURLS. 
650 0 |a Rule of law  |z China. 
650 0 |a Human rights  |z China. 
856 4 1 |3 Text version:  |u https://purl.fdlp.gov/GPO/LPS21773  |t 0 
856 4 1 |3 PDF version:  |u https://purl.fdlp.gov/GPO/LPS21775  |z Adobe Acrobat Reader required  |t 0 
999 |a MARS 
999 f f |s d74b0d58-0c0e-3bca-84e0-fb59b3e8297c  |i f9e155bd-8973-38dc-8a4d-e8a91f3ee673  |t 0 
952 f f |a Texas A&M University  |b College Station  |c Electronic Resources  |d Available Online  |t 0  |e Y 4.C 44:P 94  |h Superintendent of Documents classification 
998 f f |a Y 4.C 44:P 94  |t 0  |l Available Online